[Event "ESP-chT Regional U16"]
[Site "Gijon"]
[Date "2021.06.17"]
[Round "2.4"]
[White "Rodriguez Perez, Alicia"]
[Black "Calderon Martinez, Africa"]
[Result "0-1"]
[WhiteElo "1190"]
[BlackElo "1224"]
[PlyCount "46"]
[EventDate "2021.06.17"]
[EventType "team-swiss"]
[EventRounds "6"]
[EventCountry "ESP"]
[SourceTitle "EXT 2022"]
[Source "ChessBase"]
[SourceDate "2021.10.06"]
[SourceVersion "1"]
[SourceVersionDate "2021.10.06"]
[SourceQuality "1"]
[WhiteTeam "Castilla y Leon U16"]
[BlackTeam "Murcia U16"]
[WhiteTeamCountry "ESP"]
[BlackTeamCountry "ESP"]

1. e4 e6 2. d4 d5 3. exd5 exd5 4. Bd3 Bd6 5. Ne2 Ne7 6. 0-0 Nbc6 7. c3 0-0 8. h3 Ng6 9. Bf4 Nxf4 10. Nxf4 Bxf4 11. Qf3 Qd6 12. Re1 Bd7 13. Na3 a6 14. Nc2 Rfe8 15. Red1 Re7 16. b4 Rae8 17. a4 a5 18. b5 Nd8 19. Rab1 b6 20. h4 Bh2+ 21. Kh1 Qf4 22. Qh5 g6 23. Qxd5 Qxh4 0-1